000 009710000a22002050004500
020 _a956-13-1380-9
041 0 _aSPA
082 0 4 _aG 190 L333m
100 1 _aLarrain Ibáñez, Jorge (1942-)
245 1 0 _aModernidad, razón e identidad en América Latina / Jorge Larraín Ibáñez
260 _aSantiago de Chile, Chile : Andrés Bello
300 _a270 Pag.
505 0 0 _amodernidad e ideología -- razón y construcción del otro -- identidad personal e identidad nacional en el proceso de globalización -- historia e identidad Latinoamericana -- identidad latinoamericana y esencialismo -- modernidad e identidad
650 1 4 _aIDENTIDAD (PSICOLOGIA) - AMERICA LATINA \ RACIONALISMO \ AMERICA LATINA - CARACTERISTICAS NACIONALES \ CIVILIZACION MODERNA - FILOSOFIA \ AMERICA LATINA -CIVILIZACION - FILOSOFIA
001 807
942 _cBK
999 _c32244
_d32244
336 _atexto
_btxt
_2rdacontent
337 _2rdamedia
_asin mediación
_bn
338 _2rdacarrier
_avolumen
_bnc